<?xml version="1.0" encoding="UTF-8"?>
<record
    xmlns:xsi="http://www.w3.org/2001/XMLSchema-instance"
    xsi:schemaLocation="http://www.loc.gov/MARC21/slim http://www.loc.gov/standards/marcxml/schema/MARC21slim.xsd"
    xmlns="http://www.loc.gov/MARC21/slim">

  <leader>01000nam a22001937a 4500</leader>
  <controlfield tag="008">140407t2006    xxu||||| |||| 00| 0 spa d</controlfield>
  <datafield tag="020" ind1=" " ind2=" ">
    <subfield code="a">970-24-0845-8</subfield>
  </datafield>
  <datafield tag="050" ind1=" " ind2=" ">
    <subfield code="a">HF5549.5 C35 D8518 2006</subfield>
  </datafield>
  <datafield tag="245" ind1="1" ind2="0">
    <subfield code="a">Capacitaci&#xF3;n, direcci&#xF3;n y asesoramiento (CDA) en el trabajo</subfield>
    <subfield code="b">: todos los tipos de cacacitaci&#xF3;n, direcci&#xF3;n y asesoramiento (CDA) en el trabajo para un desempe&#xF1;o excelente</subfield>
    <subfield code="c">/ Donna Dunning; tr. Mar&#xED;a de la Luz Boissin Fern&#xE1;ndez</subfield>
  </datafield>
  <datafield tag="260" ind1=" " ind2=" ">
    <subfield code="a">M&#xE9;xico</subfield>
    <subfield code="b">: Patr&#xED;a Cultural</subfield>
    <subfield code="c">,2006.</subfield>
  </datafield>
  <datafield tag="300" ind1=" " ind2=" ">
    <subfield code="a">311 p.</subfield>
    <subfield code="c">; 23 cm.</subfield>
  </datafield>
  <datafield tag="500" ind1=" " ind2=" ">
    <subfield code="a">Educaci&#xF3;n mixta (21 002303)

Traducci&#xF3;n de : TLC at work: training, leading, coaching all types for star performance</subfield>
  </datafield>
  <datafield tag="505" ind1=" " ind2=" ">
    <subfield code="a">Desarrollo de relaciones, facilitaci&#xF3;n del desarrollo, responsabilidad personal, comunicaci&#xF3;n, mentalidad abierta, productividad, proactividad. </subfield>
  </datafield>
  <datafield tag="650" ind1="1" ind2="0">
    <subfield code="2">LIDERAZGO</subfield>
  </datafield>
  <datafield tag="650" ind1="1" ind2="0">
    <subfield code="2">EMPLEADOS -- CAPACITACI&#xD3;N</subfield>
  </datafield>
  <datafield tag="650" ind1="1" ind2="0">
    <subfield code="2">DESARROLLO PROFESIONAL</subfield>
  </datafield>
  <datafield tag="700" ind1="1" ind2="0">
    <subfield code="a">BOISSIN FERN&#xC1;NDEZ, Mar&#xED;a de la Luz, tr.</subfield>
  </datafield>
  <datafield tag="942" ind1=" " ind2=" ">
    <subfield code="c">LB</subfield>
    <subfield code="2">ddc</subfield>
  </datafield>
  <datafield tag="952" ind1=" " ind2=" ">
    <subfield code="0">0</subfield>
    <subfield code="1">0</subfield>
    <subfield code="2">lcc</subfield>
    <subfield code="4">0</subfield>
    <subfield code="7">0</subfield>
    <subfield code="a">21</subfield>
    <subfield code="b">21</subfield>
    <subfield code="d">2014-04-07</subfield>
    <subfield code="l">24</subfield>
    <subfield code="o">HF5549.5 C35 D8518 2006</subfield>
    <subfield code="p">21 002303</subfield>
    <subfield code="r">2020-01-10</subfield>
    <subfield code="s">2020-01-10</subfield>
    <subfield code="t">1</subfield>
    <subfield code="w">2014-04-07</subfield>
    <subfield code="y">LB</subfield>
  </datafield>
  <datafield tag="999" ind1=" " ind2=" ">
    <subfield code="c">92370</subfield>
    <subfield code="d">92370</subfield>
  </datafield>
</record>
